[Event "GER Seniors Derby 17th"]
[Site "Wesel Undeloh"]
[Date "2018.03.18"]
[Round "7"]
[White "Gruensel, Nafija"]
[Black "Spiess, Diethard"]
[Result "1-0"]
[WhiteElo "1225"]
[BlackElo "1237"]
[PlyCount "89"]
[EventDate "2018.03.15"]
[EventType "swiss"]
[EventRounds "7"]
[EventCountry "GER"]
[SourceTitle "EXT 2019"]
[Source "ChessBase"]
[SourceDate "2018.10.10"]
[SourceVersion "1"]
[SourceVersionDate "2018.10.10"]
[SourceQuality "1"]

1. e4 e5 2. Nf3 Nc6 3. Nc3 Nf6 4. d4 Bb4 5. Qd3 Bxc3+ 6. bxc3 d6 7. Be2 0-0 8. 0-0 Re8 9. d5 Ne7 10. Nd2 Ng6 11. g3 Bh3 12. Re1 Ng4 13. f3 Nh6 14. Nf1 f5 15. Kf2 f4 16. Rd1 fxg3+ 17. hxg3 Rf8 18. Ke1 Nf4 19. gxf4 Qh4+ 20. Kd2 Qxf4+ 21. Ne3 c6 22. Rg1 c5 23. Bb2 Rac8 24. c4 Nf7 25. Kc3 Ng5 26. Ng2 Qf6 27. Raf1 Qd8 28. Kd2 Qa5+ 29. Bc3 Qxa2 30. Ra1 Qxa1 31. Bxa1 Nf7 32. Qa3 a6 33. Qa5 Ra8 34. Ne3 Bc8 35. Qb6 a5 36. Ng4 Bxg4 37. Rxg4 a4 38. Bc3 a3 39. f4 a2 40. Ba1 Nh6 41. Rg1 Rxf4 42. Qxd6 Rf7 43. Qe6 Kf8 44. Qd6+ Kg8 45. Qxc5 1-0

[Event "GER Seniors Derby 17th"]
[Site "Wesel Undeloh"]
[Date "2018.03.17"]
[Round "5"]
[White "Ramminger, Artur"]
[Black "Gruensel, Nafija"]
[Result "1-0"]
[WhiteElo "1132"]
[BlackElo "1225"]
[PlyCount "63"]
[EventDate "2018.03.15"]
[EventType "swiss"]
[EventRounds "7"]
[EventCountry "GER"]
[SourceTitle "EXT 2019"]
[Source "ChessBase"]
[SourceDate "2018.10.10"]
[SourceVersion "1"]
[SourceVersionDate "2018.10.10"]
[SourceQuality "1"]

1. d4 d5 2. c4 Nf6 3. Nc3 e6 4. a3 Be7 5. Bf4 0-0 6. c5 Nc6 7. b4 b5 8. Nxb5 e5 9. dxe5 Nh5 10. e3 Nxf4 11. exf4 Be6 12. Nd4 Nxd4 13. Qxd4 c6 14. Nf3 h6 15. Bd3 Qc8 16. 0-0 Bg4 17. Be2 Be6 18. Rfe1 Qd7 19. Qe3 Qc7 20. Nd4 Bc8 21. f5 Re8 22. f4 Bf8 23. Qg3 a6 24. Bh5 Kh8 25. e6 Re7 26. exf7 Rxf7 27. Bxf7 Qxf7 28. Qg6 Qc7 29. g3 Bd7 30. Ne6 Qb7 31. Nxf8 Rxf8 32. Re7 1-0

[Event "GER Seniors Derby 17th"]
[Site "Wesel Undeloh"]
[Date "2018.03.16"]
[Round "4"]
[White "Gruensel, Nafija"]
[Black "Meier, Waldemar"]
[Result "0-1"]
[WhiteElo "1225"]
[BlackElo "1768"]
[PlyCount "86"]
[EventDate "2018.03.15"]
[EventType "swiss"]
[EventRounds "7"]
[EventCountry "GER"]
[SourceTitle "EXT 2019"]
[Source "ChessBase"]
[SourceDate "2018.10.10"]
[SourceVersion "1"]
[SourceVersionDate "2018.10.10"]
[SourceQuality "1"]

1. e4 e5 2. Nf3 Nc6 3. Be2 Nf6 4. Nc3 Bc5 5. Bc4 a6 6. d3 h6 7. Bd2 d6 8. h3 Na5 9. Nd5 Nxc4 10. Nxf6+ Qxf6 11. dxc4 Be6 12. b3 0-0 13. Qe2 c6 14. Rd1 b5 15. Be3 Bxe3 16. Qxe3 bxc4 17. 0-0 cxb3 18. axb3 c5 19. Rd2 Rfd8 20. Rfd1 a5 21. Nxe5 dxe5 22. Rxd8+ Rxd8 23. Rxd8+ Qxd8 24. Qxc5 Qd1+ 25. Kh2 Qd2 26. f3 Kh7 27. Qxe5 Qxc2 28. Qxa5 Qxb3 29. Qe1 Qb2 30. e5 Qd4 31. Qg3 Qe3 32. h4 Qd3 33. Qe1 Qf5 34. Qg3 Qh5 35. Qf4 g5 36. Qe4+ Kg7 37. Kg3 gxh4+ 38. Qxh4 Qxe5+ 39. Kf2 Qb2+ 40. Kg3 Qf6 41. Qe4 Qg6+ 42. Qxg6+ Kxg6 43. f4 Kf5 0-1

[Event "GER Seniors Derby 17th"]
[Site "Wesel Undeloh"]
[Date "2018.03.16"]
[Round "3"]
[White "Gruensel, Nafija"]
[Black "Wegner, Michael"]
[Result "0-1"]
[WhiteElo "1225"]
[BlackElo "1627"]
[PlyCount "78"]
[EventDate "2018.03.15"]
[EventType "swiss"]
[EventRounds "7"]
[EventCountry "GER"]
[SourceTitle "EXT 2019"]
[Source "ChessBase"]
[SourceDate "2018.10.10"]
[SourceVersion "1"]
[SourceVersionDate "2018.10.10"]
[SourceQuality "1"]

1. e4 e5 2. Nf3 Nc6 3. Be2 Nf6 4. Nc3 Be7 5. 0-0 d6 6. d3 0-0 7. Bg5 Be6 8. a3 a6 9. Qd2 Rc8 10. h3 Re8 11. Rad1 Qd7 12. d4 exd4 13. Nxd4 Nxd4 14. Qxd4 Qc6 15. Qe3 Nd7 16. Bxe7 Rxe7 17. Bf3 Ne5 18. Be2 Rce8 19. b3 Nd7 20. f3 Ne5 21. Rd2 Ng6 22. Rfd1 f5 23. Rd4 Qc5 24. b4 Qe5 25. Bc4 f4 26. Bxe6+ Rxe6 27. Qd3 Nh4 28. Rd2 Qg5 29. Rf2 Rg6 30. Qc4+ Kf8 31. Qa2 Qg3 32. Kf1 Qh2 33. e5 Qh1+ 34. Ke2 Rxg2 35. Rxg2 Qxg2+ 36. Kd1 Qg1+ 37. Kd2 dxe5 38. Ne4 Qe3+ 39. Kd1 Nxf3 0-1